Historical Figures: Star Trek or Bill & Ted Quiz Stats

 Plays Quiz Updated Mar 23, 2019

Score 0/16 Timer 04:00
0 Plays Today
Question Answer Wrong Answers
Joan of Arc Bill & Ted's
Excellent Adventure
63.4%
Star Trek
Franchise
6.3%
Both
11.3%
Neither
11.4%
Billy the Kid Bill & Ted's
Excellent Adventure
62.2%
Star Trek
Franchise
9.9%
Both
12.7%
Neither
7.5%
Ludwig van Beethoven Bill & Ted's
Excellent Adventure
59.6%
Star Trek
Franchise
7.1%
Both
15.2%
Neither
10.2%
Napoleon Bonaparte Bill & Ted's
Excellent Adventure
59.3%
Star Trek
Franchise
4.9%
Both
23.2%
Neither
4.3%
Abraham Lincoln Both
48.1%
Star Trek
Franchise
8.5%
Bill & Ted's
Excellent Adventure
32.3%
Neither
3.2%
Nikola Tesla Neither
44.8%
Star Trek
Franchise
31.1%
Bill & Ted's
Excellent Adventure
10.4%
Both
6.2%
Mark Twain Star Trek
Franchise
44.6%
Bill & Ted's
Excellent Adventure
14.5%
Both
13.6%
Neither
19.1%
Marie Curie Neither
43.3%
Star Trek
Franchise
30%
Bill & Ted's
Excellent Adventure
12.6%
Both
6%
Wyatt Earp Star Trek
Franchise
39.8%
Bill & Ted's
Excellent Adventure
17.3%
Both
8.4%
Neither
27.2%
Leonardo da Vinci Star Trek
Franchise
38%
Bill & Ted's
Excellent Adventure
19.6%
Both
19.1%
Neither
15.4%
Albert Einstein Star Trek
Franchise
37.2%
Bill & Ted's
Excellent Adventure
17.6%
Both
27.1%
Neither
10.4%
Michelangelo Neither
36.4%
Star Trek
Franchise
26.6%
Bill & Ted's
Excellent Adventure
18.5%
Both
10.2%
Alexander the Great Neither
33.9%
Star Trek
Franchise
26.3%
Bill & Ted's
Excellent Adventure
22.6%
Both
9.6%
Sigmund Freud Both
28.6%
Star Trek
Franchise
11.3%
Bill & Ted's
Excellent Adventure
44.6%
Neither
7.3%
Genghis Khan Both
28%
Star Trek
Franchise
11.9%
Bill & Ted's
Excellent Adventure
49%
Neither
3.5%
Socrates Both
21%
Star Trek
Franchise
6.3%
Bill & Ted's
Excellent Adventure
59.2%
Neither
5.7%

You're not logged in!

Compare scores with friends on all Sporcle quizzes.
OR
Log In

Sporcle TV

Today on Sporcle TV


Watch our educational content, quiz creation guides, and fun videos on Sporcle TV.

Show Comments

Extras

Top Quizzes Today


Score Distribution

Your Account Isn't Verified!

In order to create a playlist on Sporcle, you need to verify the email address you used during registration. Go to your Sporcle Settings to finish the process.

Report this User

Report this user for behavior that violates our Community Guidelines.

Details: